Premiers secours et soins a donner aux malades et aux blesées / (Record no. 80646)

MARC details
000 -LEADER
campo de control de longitud fija 00674nam a2200205 i 4500
001 - NÚMERO DE CONTROL
campo de control 80646
003 - IDENTIFICADOR DE NÚMERO DE CONTROL
campo de control ES-MaACL
005 - FECHA Y HORA DE LA ÚLTIMA TRANSACCIÓN
campo de control 20250918194705.0
007 - CAMPO FIJO DE DESCRIPCIÓN FÍSICA--INFORMACIÓN GENERAL
campo de control de longitud fija t|
008 - DATOS DE LONGITUD FIJA--INFORMACIÓN GENERAL
campo de control de longitud fija 041029s1923 fr ||||1| fre d
100 1# - ENTRADA PRINCIPAL--NOMBRE DE PERSONA
Nombre de persona Hogg, Walter Douglas.
9 (RLIN) 63979
245 10 - MENCIÓN DEL TÍTULO
Título Premiers secours et soins a donner aux malades et aux blesées /
Mención de responsabilidad, etc. par Walter Douglas ; préface, Maurice Letulle.
250 ## - MENCION DE EDICION
Mención de edición 8eme éd.
260 ## - PUBLICACIÓN, DISTRIBUCIÓN, ETC.
Lugar de publicación, distribución, etc. Paris :
Nombre del editor, distribuidor, etc. Octave Doin,
Fecha de publicación, distribución, etc. 1923 (
Lugar de fabricación/manufactura Niort :
Fabricante Saint-Denis)
300 ## - DESCRIPCIÓN FÍSICA
Extensión XVIII, 424 p. :
Otras características físicas il. ;
Dimensiones 18 cm.
650 04 - PUNTO DE ACCESO ADICIONAL DE MATERIA--TÉRMINO DE MATERIA
Término de materia o nombre geográfico como elemento de entrada Primeros auxilios.
9 (RLIN) 16404
700 1# - ENTRADA AGREGADA--NOMBRE PERSONAL
Nombre de persona Letulle, Maurice,
Fechas asociadas al nombre 1853-1929
9 (RLIN) 71893
852 ## - LOCALIZACIÓN
Ubicación ES-MaACL
Número de control de estantería B-11682
Holdings
Estatus retirado Estado de pérdida Estado de daño No para préstamo Biblioteca de origen Biblioteca actual Ubicación en estantería Fecha de adquisición Fuente de adquisición Total de préstamos Signatura topográfica completa Código de barras Visto por última vez Precio de reemplazo Tipo de ítem Koha
        Biblioteca del Ateneo de Madrid Biblioteca del Ateneo de Madrid Sala Pardo Bazán 17/01/2008     B-11682 1084316 23/02/2023 23/02/2023 Libro impreso